00488nam a2200193 a 4500001001300000003000900013005001700022008004100039020001000080082001900090100001700109245004200126260003500168300000900203500003500212505001000247650002000257700001700277nice12345678IN_TiNIC20260116011934.0050524s1981 newa grp 000 0 eng  ac10000a297.1977bAHM1 aAhmad, Ilyas aSocial Contract and the Islamic State aNew DelhibKitab Bhavan c1981 a203p aincludes index and biblioraphy2 aindex aIslam and State1 aAhmad, Ilyas